Multimedia making It Work (Record no. 5205)

MARC details
000 -LEADER
fixed length control field 00397nam a22001697a 4500
005 - DATE AND TIME OF LATEST TRANSACTION
control field 20180209132712.0
008 - FIXED-LENGTH DATA ELEMENTS--GENERAL INFORMATION
fixed length control field 160905b xxu||||| |||| 00| 0 eng d
020 ## - INTERNATIONAL STANDARD BOOK NUMBER
ISBN 978-0-07-133181-4
041 ## - LANGUAGE CODE
Language code of text/sound track or separate title eng
082 ## - DEWEY DECIMAL CLASSIFICATION NUMBER
Classification number 006.78
100 ## - MAIN ENTRY--AUTHOR NAME
Personal name vaughan,Tay
245 ## - TITLE STATEMENT
Title Multimedia making It Work
260 ## - PUBLICATION, DISTRIBUTION, ETC. (IMPRINT)
Name of publisher TMH
Year of publication 2011
300 ## - PHYSICAL DESCRIPTION
Number of Pages 449
650 ## - SUBJECT ADDED ENTRY--TOPICAL TERM
Topical Term Information Technology
942 ## - ADDED ENTRY ELEMENTS (KOHA)
Koha item type Books
Holdings
Lost status Damaged status Collection code Home library Current library Shelving location Date acquired Source of acquisition Cost, normal purchase price Full call number Accession Number Copy number Koha item type
    Reference JRU Library   SHELF-30-C 05/09/2016 PURCHASE 840.00 006.78 21068 3 Books
    CS/IT JRU Library JRU Library SHELF-51-H 05/09/2016 PURCHASE 840.00 21068 21069 3 Books
    CS/IT JRU Library JRU Library SHELF-51-H 05/09/2016 PURCHASE 840.00 21068 21070 3 Books